Successful event management : a practical handbook (Record no. 287075)

MARC details
000 -LEADER
fixed length control field 00453nam a2200169Ia 4500
005 - DATE AND TIME OF LATEST TRANSACTION
control field 20241107101507.0
008 - FIXED-LENGTH DATA ELEMENTS--GENERAL INFORMATION
fixed length control field 240126s9999 xx 000 0 und d
020 ## - INTERNATIONAL STANDARD BOOK NUMBER
International Standard Book Number 9781408066638
082 ## - DEWEY DECIMAL CLASSIFICATION NUMBER
Classification number 394.2 SHO;1 R
100 ## - MAIN ENTRY--PERSONAL NAME
Personal name Shone, Anton. Parry, Bryn.
245 #0 - TITLE STATEMENT
Title Successful event management : a practical handbook
250 ## - EDITION STATEMENT
Edition statement 4th ed.
260 ## - PUBLICATION, DISTRIBUTION, ETC. (IMPRINT)
Name of publisher, distributor, etc. Cengage Learning
Place of publication, distribution, etc. Australia
Date of publication, distribution, etc. 2013
300 ## - PHYSICAL DESCRIPTION
Extent xviii, 334
440 ## - SERIES STATEMENT/ADDED ENTRY--TITLE
Title NULL
942 ## - ADDED ENTRY ELEMENTS (KOHA)
Koha item type PESU Books
Holdings
Date last seen Total Checkouts Full call number Accession number Volume/Issue Number Cost, replacement price Price effective from Category Lost status Damaged status Department Withdrawn status bill no. Permanent Location Current Location Shelving location Entry date Vendor Cost, normal purchase price Grants Currency symbol Conversion rate Discount Discount type
26/01/2024   394.2 SHO;1 R PU9719 (05/07/1905) 5181.00 26/01/2024 PESU Books     HEM   1396 Central Library Central Library HM 19/03/2019 Surya Book Supplier 5181.00 HM RS 1   Rupees

© For any Suggestions or Query, please contact the library staff @ librarian@pes.edu or Phone: +9180 2672 1983/ 2108.